[Geometry Dash] Hardest Platformer Levels - Statistics

General Stats
  • This quiz has been taken 10 times
  • The average score is 41 of 150
Answer Stats
#1 Creator Level % Correct
106 burningmagma Pimu
86%
131 burningmagma Qimu
86%
64 zYuko The Abyss
86%
113 Moonix37 Timu
86%
115 Orelu 4imu
71%
123 perpori Cimu
71%
3 MaddyGMD CONVOLUTION
71%
22 TMco Dead Of Night
71%
2 No ob i loved you
71%
98 tricipital Labyrinth
71%
93 Splash225 LIMU
71%
10 RealMatter Null
71%
107 dpoopoop rimu
71%
146 thejshadow Throat of the World
71%
50 Keleru CONVEYOR
57%
1 yunotyou Diamonds for Dashers
57%
124 Split72 FURY OF 500
57%
6 Legoyoshi3 IWannaPlatformerList
57%
59 Eefy77 Jetpack Trials
57%
118 GDGalaxyGaming Robot King
57%
79 iIBonIi TASSAR
57%
87 G4lvatron Terminal Heaven
57%
140 o1iv3 The Tower XXII
57%
16 mariokirby1703 Yimu
57%
92 lappwv Bouncy Ball
43%
44 Crerro Crerro Kaizo I
43%
19 Crerro Crerro Kaizo II
43%
5 dpoopoop glungus
43%
72 Smarted Ice Climbers
43%
76 Laayte Jimu
43%
7 zYuko Rabbit Hole
43%
11 Mo5h r a g e
43%
147 zYuko Tower of Infinity
43%
148 iownfish 100000 Roentgens
29%
53 TestFiles 3x3
29%
49 IvanCrafter026 Adrenaline
29%
20 TestFiles Ambidexter
29%
27 Cubical7 Ascension Tower
29%
58 MVXgameS CASIO HELLBURST
29%
29 DustyBud Chaos Ball Theory
29%
141 Orelu Chief Needler
29%
108 nexter Coldest Winter Yet
29%
8 itzCybercube Crime And Punishment
29%
109 Galaxxyss dusty travel
29%
86 TheRealXFuture ENTANGLEMENT
29%
55 thejshadow Exaltation
29%
67 pumpkininabox fish in the sink
29%
38 TestFiles Fluxion
29%
43 Cejelost Free Solo
29%
89 Jeyzor FRUSTRATION
29%
77 Custi HOOKIN UP WITH CUSTI
29%
78 Enlightenment i wanna rob the top
29%
149 YoStarYeahya Leaping Hazard
29%
26 zYuko Lets All Love Lain
29%
65 ThiKn LXE
29%
69 iownfish Mechanical Warehouse
29%
14 vLibra Medramint
29%
62 newSakePlayS NIGHT RUNNER
29%
47 GabestGD Nuclear Alarm
29%
74 Xepheron Platscapes
29%
18 Superkobster Project BUZZKILL
29%
42 newSakePlayS SCORCHING LANDSCAPE
29%
121 iownfish Sleep
29%
99 GHHH SUMMER
29%
28 YoStarYeahya SWAP CORE
29%
40 2ItalianCats the guards mission
29%
83 iownfish The Observatory
29%
129 IcyWindy The Savannah Citadel
29%
101 Xkahan The Sun
29%
143 mariokirby1703 Trap Adventure
29%
17 lappwv Trouncy Ball
29%
88 Chloe Uh Oh
29%
145 Anyvix Walk to the midnight
29%
24 FakeHATETAG We Forgot Everything
29%
100 Crerro Whats The Point
29%
54 FakeHATETAG Whg3 Lv5
29%
23 Orelu Aerios
14%
75 vLibra Aquanemesis
14%
45 Emariii AVALANCHE
14%
114 NDagger Beatpulse
14%
51 DavidConcal Blocktober Casino
14%
46 dpoopoop cabbit
14%
132 CreatorCreepy CreepyNeedle
14%
81 Crerro Current Current
14%
112 xParallels DASHER
14%
138 ParadoxTI Deadramino
14%
105 vLibra Death of the Divine
14%
150 LunarLeo77 Decaying Silo
14%
41 kwezy depth
14%
4 MaddyGMD dish rags
14%
95 ComodoQc echos du silence
14%
127 dkitey ECSTASIS
14%
52 ItzCybercube ECT6 KOHTAKT
14%
36 Samamba Estufa
14%
34 dewpidergaming Feverest Dream
14%
103 iownfish Fimu
14%
33 Ultramouk forgotten veil
14%
21 IvanCrafter026 Fulmination
14%
57 dewpidergaming GetFixedBoi
14%
110 LudiumGD Give Up II
14%
68 ThiKn Guidance
14%
60 Cubical7 Happy World
14%
31 zYuko Heartbeat
14%
25 Iplmal Heavenly Echo
14%
82 Enlightenment Hexagonestestestest
14%
63 Orelu Hidden Horizons
14%
71 exsii HYPER GRAVITRON
14%
117 KATALYSM Iliobasilema
14%
15 No ob im happy 4 you
14%
111 MaddyGMD Intersummisse
14%
32 MaddyGMD Intervallum
14%
133 waterpump INTUITION
14%
119 OliSW Kebnekaise
14%
66 No ob Life and Beauty
14%
80 ThiKn LobaXmasTower
14%
61 sillymn lost summary
14%
48 TheSac9009 Meisou Hanabi
14%
130 KATALYSM Mesabisos
14%
91 perpori Myrce
14%
135 Doshterhoz Nextphase
14%
97 BGames Novae Project
14%
96 procurador Plastic Flowers
14%
104 DavidConcal radio tower
14%
139 b0bby123 Ritual of Calamity
14%
102 btwmag serenity
14%
13 TNTking531 Starlight Cyclone
14%
56 mariokirby1703 Stickerbush Symphony
14%
126 rtnman Storm Front
14%
85 KingEggplant987 stormpunk
14%
120 gr8ness The SMR Collection
14%
128 IshmaelBahamut Tomb of the Pain
14%
84 lvelll Tragedy in 5 acts
14%
12 Crerro Uhm Huh
14%
39 No ob unwell
14%
30 zYuko Void World
14%
9 FakeHATETAG vortex
14%
116 FarAwayLand Whoopsie Gravy
14%
73 blackdashh Zenith Of The Sky
14%
142 Chloe Delightfall
0%
137 Astronaut21 Dungeon Treasures
0%
125 easymode Entrenched
0%
122 No ob ETERNAL ENDING
0%
134 newSakePlayS Facility Collapse
0%
144 btwmag Final Impact
0%
94 2ItalianCats gallery
0%
37 FakeHATETAG Pointless Park
0%
35 JH1235 Steelworks Bounce
0%
70 sink Trials of PAIN
0%
90 StyphonGD Verbogen
0%
136 vsowanted Withering Gallery
0%
No matching quizzes found
Score Distribution
Percent of People with Each Score
Percentile by Number Answered
Your Score History
You have not taken this quiz